000 00565nam a2200169Ia 4500
008 100204s9999 xx 000 0 und d
082 _b28919
100 _a"सारामागु , ज्युझे"
245 _aब्लाईंडनेस
250 _a0
260 _b"साकेत प्रकाशन , औरंगाबाद"
_c2009
300 _a312
630 _aब्लाईंडनेस
700 _aभोळे भास्कर लक्ष्मण
730 _aब्लाईंडनेस
942 _cBOOK
999 _c474326
_d474323